Gandhian engagement with capital: (Record no. 166692)

MARC details
000 -LEADER
fixed length control field 00637nam a22001937a 4500
005 - DATE AND TIME OF LATEST TRANSACTION
control field 20190805122103.0
010 ## - LCCN (DPL NO)
LC control number ENG-126129
020 ## - INTERNATIONAL STANDARD BOOK NUMBER
International Standard Book Number 9789353282288
Terms of availability 750.00
035 ## - SYSTEM CONTROL NUMBER
System control number EN-109661
037 ## - SOURCE OF ACQUISITION
Source of stock number/acquisition DBAD/PUB
082 ## - DEWEY DECIMAL CLASSIFICATION NUMBER
Classification number 330.0954
100 ## - MAIN ENTRY--PERSONAL NAME
Personal name Redkar,Chaitra
245 ## - TITLE STATEMENT
Title Gandhian engagement with capital:
Remainder of title perspectives of J.C.Kumarappa/
Statement of responsibility, etc by Chaitra Redkar
260 ## - PUBLICATION, DISTRIBUTION, ETC. (IMPRINT)
Name of publisher, distributor, etc Sage publication India Pvt.Ltd
Place of publication, distribution, etc New Delhi
Date of publication, distribution, etc 2019
270 ## - ADDRESS
Address B1/I-1 Mohan Cooperative Industrial Area,Mathura Road
City New Delhi
Postal code 110002
300 ## - PHYSICAL DESCRIPTION
Extent 217p.
Dimensions 21cm(pbk)
500 ## - GENERAL NOTE
General note includes index
942 ## - ADDED ENTRY ELEMENTS (KOHA)
Source of classification or shelving scheme Dewey Decimal Classification
Item type English Books
Classification part 330.0954
Call number suffix RED
Holdings
Withdrawn status Lost status Not for loan Collection code Home library Current library Date acquired Source of acquisition Cost, normal purchase price Full call number Barcode Copy number Cost, replacement price Koha item type
    Not For Loan Non-fiction D.B.Act.Division D.B.Act.Division 05/08/2019 DBAD/PUB 750.00 330.0954 RED EN-109661 1 750.00 English Books

© Delhi Public Library
Hit Counter
free hit counter